000 01191nam0a22002771 4500
001 rc\4076385
005 20250610234516.0
035 _a(NLR Aleph) 007967016
090 _a8435395
_c8435395
100 _a20130415d1949 |||y0rusy50 ca
101 0 _arus
102 _aRU
105 _ay z |||||
200 1 _aЛиквидация плацдарма немецких войск на Кубани и Таманском полуострове в 1943 г.
_eЛекция
_fКраснознам. ордена Ленина и ордена Суворова 1-й степени воен. акад. им. М.В. Фрунзе. Кафедра истории советского воен. искусства
210 _a[Москва]
_cБ. и.
_d1949
215 _a52 с.
_d17
300 _aПеред загл. авт.: полк. С.С. Покровский
311 _aПрил.: Схемы., 1949
333 _aДСП. Экз. № 47
421 0 _11010#$arus
_12001#$aСхемы
_1210##$d1949
_1215##$a5 л. схем.
_tСхемы
700 1 _aПокровский
_bС.С.
801 0 _aRU
_bNLR
_gpsbo
801 1 _aRU
_bELAR
_2rusmarc
852 _aNLR
_j50К/668
942 _cBOOK
980 _aNB